01563cam a22003737a 4500003000500000005001700005008004100022010001000063011001000073035001000083040000900093090001000102100003800112245018100150260004100331300002200372502007700394590003700471590004100508590004100549590004100590590004200631650003000673650002900703650003400732901000700766905002600773942000900799949005500808949004200863999001700905952014000922952012701062CHAP20220329142024.0990309d1998 mx r 00110 spa d a77198 a78170 a88032 cCHAP aTesis00aTrinidad Sánchez, Juan.911516310aEstudio del comportamiento de 16 genotipos de haba (Vicia faba L.) para el ciclo invierno-primavera en el municipio de Amanalco de Becerra, Méx.c/por Juan Trinidad Sánchez aChapingo, Méx. :bEl autor,c1998. a74 h. :bgráfs. aTesis (Ing. Agr. Esp. en Fitotecnia) -- UACH. Departamento de Fitotecnia aALEPHb10c20130110lUCH01h1428 aBATCH-UPDb10c20130110lUCH01h0728 aBATCH-UPDb10c20130410lUCH01h0411 aBATCH-UPDb10c20130914lUCH01h1559 aCONVERSIONb10c20130109lUCH01h134214aHabaxRendimiento.95212214aHabaxVariedades.95212814aHabazMéxico (Edo.).952130 aBK aAlejandra Carrasco M. cFOLL bBCcTESd33724000710893eTS2fc.2h33482i88032si bBCcTESd880321eTS1h33481i88032sb c77198d77198 00102local4053708TESISaBCbBCcPA_TESISd2019-12-31fTESISl0oTesisp33724000710893r2019-12-31 00:00:00tc.2w2019-12-31yTESIS 00102local4051708TESISaBCbBCcPA_TESISd2019-12-31fTESISl0oTesisp880321r2019-12-31 00:00:00w2019-12-31yTESIS